Quiz da Etiópia - Statistics

Estatísticas Gerais
  • Esse quiz foi jogado 752 vezes
  • A pontuação média é 10 de 17
Estatísticas das Respostas
Pergunta Resposta % Correto
Qual é o maior país que a Etiópia faz fronteira? Sudão
89%
Qual é o menor país que a Etiópia faz fronteira? Djibouti
87%
Qual país ganhou independência da Etiópia em 1993? Eritreia
84%
Qual é a capital da Etiópia? Adis Abeba
79%
Qual país invadiu a Etiópia em 1936? Itália
78%
Que organização internacional é localizada nessa cidade? União {Africana}
72%
Em qual região geográfica a Etiópia é localizada? {Chifre} da África
70%
Qual é a língua oficial da Etiópia? Amárico
69%
Qual grão tem suas origens na Etiópia que hoje é uma dos maiores tipos de exportação do país? Café
68%
Qual evento olímpico o atleta Abebe Bikila venceu em 1960 e 1964 sem usar sapatos? Maratona
59%
Que artefato religioso antigo uma igreja na Etiópia reivindica? {Arca} da Aliança
58%
Qual era o nome antigo da Etiópia? Abissínia
38%
Qual é o maior rio da Etiópia? Nilo {Azul}
38%
Qual religião proclama o imperador como o seu Messias? Rastafári
34%
Quem foi o imperador da Etiópia entre 1930 para 1975? Haile Selassie
29%
Qual cidade na Etiópia que era o centro de um império que durou de 100 d.C. para 940 d.C.? Axum
21%
Qual é a moeda oficial da Etiópia? Birr
21%
Nenhum quiz correspondente encontrado
Distribuição das Pontuações
Porcentagem de Pessoas com Cada Pontuação
Percentil de Números Respondidos
Sua Pontuação Histórica
Você não jogou esse quiz